[Event "Madrid-chT 2021"]
[Site "Madrid"]
[Date "2021.03.27"]
[Round "6.5"]
[White "Sanchez Gonzalez, Sergio"]
[Black "Suarez Uriel, Adrian"]
[Result "0-1"]
[WhiteElo "2281"]
[BlackElo "2376"]
[PlyCount "104"]
[EventDate "2021.01.24"]
[EventType "team-tourn"]
[EventRounds "14"]
[EventCountry "ESP"]
[SourceTitle "Ajedrez en Madrid"]
[Source "lmi"]
[SourceDate "2021.01.23"]
[SourceVersion "1"]
[SourceVersionDate "2021.06.08"]
[SourceQuality "1"]
[WhiteTeam "Villalba 64"]
[BlackTeam "Collado Villalba"]
[WhiteTeamCountry "ESP"]
[BlackTeamCountry "ESP"]

1. d4 Nf6 2. c4 b6 3. Nc3 Bb7 4. Qc2 d5 5. cxd5 Nxd5 6. e4 Nxc3 7. bxc3 e5 8.
Nf3 exd4 9. Bc4 Nd7 10. O-O d3 11. Bxd3 Bc5 12. Rd1 Qe7 13. Bf4 O-O-O 14. e5 h6
15. Bg3 Nf8 16. Nd4 Bxd4 17. cxd4 Ne6 18. Be4 Nxd4 19. Bxb7+ Kxb7 20. Qe4+ Nc6
21. Rdc1 Qe6 22. h4 Rd4 23. Qe2 Rhd8 24. Rc2 Nb4 25. Rc3 c5 26. a3 Nc6 27. Rb1
Qd5 28. Kh2 g5 29. Qh5 Nxe5 30. f3 Rd2 31. Re1 Ng6 32. Qxh6 Qd4 33. Rce3 gxh4
34. Be5 Qd5 35. Bc3 Rc2 36. Qh7 Rd7 37. R1e2 Qd6+ 38. Kg1 Rxe2 39. Rxe2 Qd3 40.
Rd2 Qe3+ 41. Kh1 Re7 42. Rc2 Qf4 43. Qh5 Rd7 44. Re2 Qc4 45. Re3 Qf1+ 46. Kh2
Rd1 47. Be1 Rxe1 48. Qd5+ Ka6 49. Rxe1 Qxe1 50. Qc4+ Ka5 51. Qxf7 Qg3+ 52. Kh1
a6 0-1

[Event "Madrid-chT 2021"]
[Site "Madrid"]
[Date "2021.03.27"]
[Round "6.6"]
[White "Zhou, Lulu"]
[Black "Estevez Sacristan, Deva"]
[Result "1-0"]
[WhiteElo "2087"]
[BlackElo "1932"]
[PlyCount "67"]
[EventDate "2021.01.24"]
[EventType "team-tourn"]
[EventRounds "14"]
[EventCountry "ESP"]
[SourceTitle "Ajedrez en Madrid"]
[Source "lmi"]
[SourceDate "2021.01.23"]
[SourceVersion "1"]
[SourceVersionDate "2021.06.08"]
[SourceQuality "1"]
[WhiteTeam "Collado Villalba"]
[BlackTeam "Villalba 64"]
[WhiteTeamCountry "ESP"]
[BlackTeamCountry "ESP"]

1. e4 c5 2. Nf3 g6 3. d4 cxd4 4. Nxd4 Nc6 5. c4 Bg7 6. Be3 d6 7. Nc3 Nf6 8. Be2
O-O 9. O-O Bd7 10. f3 Nxd4 11. Bxd4 a5 12. Qd2 Bc6 13. b3 Nd7 14. Bf2 Nc5 15.
Rab1 Qc7 16. Bd1 Rfd8 17. a3 Rac8 18. b4 axb4 19. axb4 Ne6 20. Bb3 h5 21. Rfc1
Bxc3 22. Rxc3 Kh7 23. Rbc1 Ra8 24. Qe3 Ra3 25. f4 Ba4 26. Bxa4 Rxa4 27. f5 Nf8
28. Qg5 Rda8 29. Rf3 Ra1 30. fxg6+ fxg6 31. Be3 Rxc1+ 32. Bxc1 Qxc4 33. Qxe7+
Kg8 34. Bb2 1-0

[Event "Madrid-chT 2021"]
[Site "Madrid"]
[Date "2021.03.28"]
[Round "6.1"]
[White "Elissalt Cardenas, Hector"]
[Black "Montañes Arribas, Adrian"]
[Result "1-0"]
[WhiteElo "2279"]
[BlackElo "2268"]
[PlyCount "51"]
[EventDate "2021.01.24"]
[EventType "team-tourn"]
[EventRounds "14"]
[EventCountry "ESP"]
[SourceTitle "Ajedrez en Madrid"]
[Source "lmi"]
[SourceDate "2021.01.23"]
[SourceVersion "1"]
[SourceVersionDate "2021.06.08"]
[SourceQuality "1"]
[WhiteTeam "Tajamar"]
[BlackTeam "Vallecas CDV"]
[WhiteTeamCountry "ESP"]
[BlackTeamCountry "ESP"]

1. d4 Nf6 2. c4 Nc6 3. Nc3 e5 4. d5 Ne7 5. e4 Ng6 6. Be3 Bb4 7. f3 O-O 8. Nh3
d6 9. Nf2 Bc5 10. Bxc5 dxc5 11. Qd2 Ne8 12. g3 Nd6 13. h4 h6 14. O-O-O Qf6 15.
Be2 Bd7 16. Rdf1 a6 17. Qe3 b6 18. h5 Ne7 19. f4 Rfe8 20. f5 Qg5 21. Qxg5 hxg5
22. Ng4 f6 23. h6 Nf7 24. Rh2 Nxh6 25. Rxh6 gxh6 26. Nxf6+ 1-0

[Event "Madrid-chT 2021"]
[Site "Madrid"]
[Date "2021.03.28"]
[Round "6.2"]
[White "Martin Garcia, Guillermo Li"]
[Black "Ingunza Curro, Andres"]
[Result "0-1"]
[WhiteElo "2242"]
[BlackElo "2332"]
[PlyCount "122"]
[EventDate "2021.01.24"]
[EventType "team-tourn"]
[EventRounds "14"]
[EventCountry "ESP"]
[SourceTitle "Ajedrez en Madrid"]
[Source "lmi"]
[SourceDate "2021.01.23"]
[SourceVersion "1"]
[SourceVersionDate "2021.06.08"]
[SourceQuality "1"]
[WhiteTeam "Vallecas CDV"]
[BlackTeam "Tajamar"]
[WhiteTeamCountry "ESP"]
[BlackTeamCountry "ESP"]

1. e4 e5 2. Nf3 Nc6 3. Bb5 a6 4. Ba4 Nf6 5. d3 d6 6. c3 g6 7. O-O Bg7 8. d4 O-O
9. dxe5 Nxe5 10. Nxe5 dxe5 11. Qe2 Qe7 12. Bg5 h6 13. Bxf6 Qxf6 14. Nd2 Be6 15.
Bb3 Rfd8 16. Rfd1 h5 17. Nc4 b5 18. Ne3 c6 19. Bxe6 Qxe6 20. b3 Qe7 21. Rxd8+
Rxd8 22. Rd1 Rxd1+ 23. Qxd1 Qa3 24. Qc2 Bh6 25. Nd1 Kg7 26. Kf1 a5 27. Ke2 Qe7
28. c4 b4 29. Qd3 Qh4 30. h3 Bc1 31. Qc2 Bg5 32. Qd3 Be7 33. Qe3 Bg5 34. Qd3
Bc1 35. Qc2 Bh6 36. Qd3 Qf4 37. Ne3 Qh2 38. Qd6 Bxe3 39. Kxe3 Qf4+ 40. Kd3 Kh7
41. f3 Qc1 42. Qf6 Qd1+ 43. Ke3 Qd4+ 44. Ke2 Kg8 45. Qxc6 Qb2+ 46. Ke3 Qxa2 47.
Qe8+ Kg7 48. Qxe5+ Kh7 49. Qd5 Qxb3+ 50. Kf4 Kg8 51. Qd8+ Kg7 52. Qd4+ Kg8 53.
c5 Qc2 54. Qd8+ Kg7 55. Qd4+ Kg8 56. Kg5 Qc3 57. Qd8+ Kg7 58. Qd6 b3 59. g4 f6+
60. Kf4 Qc1+ 61. Kg3 Qg1+ 0-1

[Event "Madrid-chT 2021"]
[Site "Madrid"]
[Date "2021.03.28"]
[Round "6.3"]
[White "Mkrtchyan, Levon"]
[Black "Beltran de Heredia Eguiaz, Miguel Angel"]
[Result "1/2-1/2"]
[WhiteElo "2213"]
[BlackElo "2199"]
[PlyCount "30"]
[EventDate "2021.01.24"]
[EventType "team-tourn"]
[EventRounds "14"]
[EventCountry "ESP"]
[SourceTitle "Ajedrez en Madrid"]
[Source "lmi"]
[SourceDate "2021.01.23"]
[SourceVersion "1"]
[SourceVersionDate "2021.06.08"]
[SourceQuality "1"]
[WhiteTeam "Tajamar"]
[BlackTeam "Vallecas CDV"]
[WhiteTeamCountry "ESP"]
[BlackTeamCountry "ESP"]

1. e4 c5 2. Nf3 e6 3. d4 cxd4 4. Nxd4 Nc6 5. Nc3 Nf6 6. Ndb5 Bc5 7. Bf4 O-O 8.
Bc7 Qe7 9. Bd6 Bxd6 10. Nxd6 Ne8 11. Nxc8 Rxc8 12. Bd3 d5 13. exd5 exd5+ 14.
Qe2 Qxe2+ 15. Nxe2 Nf6 1/2-1/2

[Event "Madrid-chT 2021"]
[Site "Madrid"]
[Date "2021.03.28"]
[Round "6.4"]
[White "Morona Minguez, Miguel"]
[Black "Rodriguez Lopez, David"]
[Result "1-0"]
[WhiteElo "2045"]
[BlackElo "2149"]
[PlyCount "61"]
[EventDate "2021.01.24"]
[EventType "team-tourn"]
[EventRounds "14"]
[EventCountry "ESP"]
[SourceTitle "Ajedrez en Madrid"]
[Source "lmi"]
[SourceDate "2021.01.23"]
[SourceVersion "1"]
[SourceVersionDate "2021.06.08"]
[SourceQuality "1"]
[WhiteTeam "Vallecas CDV"]
[BlackTeam "Tajamar"]
[WhiteTeamCountry "ESP"]
[BlackTeamCountry "ESP"]

1. e4 e5 2. Nf3 Nc6 3. Bb5 a6 4. Ba4 Nf6 5. O-O Nxe4 6. d4 b5 7. Bb3 d5 8. dxe5
Be6 9. Nbd2 Nc5 10. c3 Be7 11. Qe2 d4 12. Bxe6 fxe6 13. Nb3 d3 14. Qe3 Nxb3 15.
axb3 Qd5 16. Rd1 O-O 17. Rxd3 Qxb3 18. Qe4 Rad8 19. Nd4 Nxd4 20. cxd4 Qc2 21.
Be3 Qxb2 22. Rc1 Rxf2 23. Rxc7 Rdf8 24. h3 Bd8 25. Rd7 Rf1+ 26. Kh2 Qa1 27. Bh6
R1f7 28. Rxf7 Rxf7 29. Rg3 Qa5 30. Qc6 Re7 31. Rxg7+ 1-0

[Event "Madrid-chT 2021"]
[Site "Madrid"]
[Date "2021.03.28"]
[Round "6.5"]
[White "Martinez Aragon, Aitor"]
[Black "Dominguez Alfara, Miguel"]
[Result "1/2-1/2"]
[WhiteElo "2049"]
[BlackElo "1998"]
[PlyCount "51"]
[EventDate "2021.01.24"]
[EventType "team-tourn"]
[EventRounds "14"]
[EventCountry "ESP"]
[SourceTitle "Ajedrez en Madrid"]
[Source "lmi"]
[SourceDate "2021.01.23"]
[SourceVersion "1"]
[SourceVersionDate "2021.06.08"]
[SourceQuality "1"]
[WhiteTeam "Tajamar"]
[BlackTeam "Vallecas CDV"]
[WhiteTeamCountry "ESP"]
[BlackTeamCountry "ESP"]

1. e4 e5 2. Nf3 Nf6 3. Nxe5 d6 4. Nf3 Nxe4 5. c4 Be7 6. Nc3 Nf6 7. d4 O-O 8.
Bg5 Re8 9. Be2 h6 10. Bh4 Bg4 11. O-O Nh5 12. Bg3 Nxg3 13. hxg3 Nd7 14. Re1 Nf6
15. Nh4 Bxe2 16. Rxe2 d5 17. c5 Ne4 18. Nxe4 Bxh4 19. Nc3 Rxe2 20. Qxe2 Bf6 21.
Qe3 b6 22. b4 a5 23. cxb6 axb4 24. bxc7 Qd7 25. Ne2 Qxc7 26. Rc1 1/2-1/2

[Event "Madrid-chT 2021"]
[Site "Madrid"]
[Date "2021.03.28"]
[Round "6.6"]
[White "Ballesteros Galvez, Daniel"]
[Black "Sahuquillo Cruz, Alejandro"]
[Result "0-1"]
[WhiteElo "1932"]
[BlackElo "1988"]
[PlyCount "88"]
[EventDate "2021.01.24"]
[EventType "team-tourn"]
[EventRounds "14"]
[EventCountry "ESP"]
[SourceTitle "Ajedrez en Madrid"]
[Source "lmi"]
[SourceDate "2021.01.23"]
[SourceVersion "1"]
[SourceVersionDate "2021.06.08"]
[SourceQuality "1"]
[WhiteTeam "Vallecas CDV"]
[BlackTeam "Tajamar"]
[WhiteTeamCountry "ESP"]
[BlackTeamCountry "ESP"]

1. e4 c5 2. Nf3 Nc6 3. Bb5 g6 4. Bxc6 dxc6 5. d3 Bg7 6. h3 Nf6 7. Nc3 O-O 8.
Be3 b6 9. Qd2 Re8 10. O-O Nd7 11. Rae1 e5 12. Nh2 Nf8 13. f4 exf4 14. Bxf4 Ne6
15. Bh6 Nd4 16. Bxg7 Kxg7 17. e5 Nf5 18. Nf3 Be6 19. Ne4 Bd5 20. Nf6 Re7 21.
Qg5 h6 22. Qf4 Bxf3 23. Rxf3 Qd4+ 24. Qxd4 cxd4 25. Re4 Rd8 26. Rf2 Ne3 27. c3
c5 28. cxd4 cxd4 29. Rff4 Nd1 30. Re2 Ne3 31. Ng4 Nf5 32. Nf2 Rd5 33. Ree4 Ng3
34. Re1 Rdxe5 35. Rxe5 Rxe5 36. Kh2 Ne2 37. Re4 Rxe4 38. Nxe4 Nc1 39. Nf2 Nxa2
40. Kg3 f5 41. Kf3 Nc1 42. g4 Kf6 43. h4 h5 44. g5+ Ke5 0-1

[Event "Madrid-chT 2021"]
[Site "Madrid"]
[Date "2021.04.11"]
[Round "7.1"]
[White "Montañes Arribas, Adrian"]
[Black "Ballester Llagaria, Luis Eduardo"]
[Result "0-1"]
[WhiteElo "2272"]
[BlackElo "2323"]
[PlyCount "36"]
[EventDate "2021.01.24"]
[EventType "team-tourn"]
[EventRounds "14"]
[EventCountry "ESP"]
[SourceTitle "Ajedrez en Madrid"]
[Source "lmi"]
[SourceDate "2021.01.23"]
[SourceVersion "1"]
[SourceVersionDate "2021.06.08"]
[SourceQuality "1"]
[WhiteTeam "Vallecas CDV"]
[BlackTeam "Blanco y Negro"]
[WhiteTeamCountry "ESP"]
[BlackTeamCountry "ESP"]

1. d4 d5 2. c4 dxc4 3. e3 Nf6 4. Bxc4 e6 5. Nf3 a6 6. O-O b5 7. Bd3 Bb7 8. a4
b4 9. Nbd2 c5 10. e4 Nc6 11. e5 Nd7 12. Ne4 Nxd4 13. Nxd4 cxd4 14. Bf4 Rc8 15.
Ng5 Nc5 16. Bxh7 Be7 17. Qh5 Bxg5 18. Bxg5 Rxh7 0-1

[Event "Madrid-chT 2021"]
[Site "Madrid"]
[Date "2021.04.11"]
[Round "7.2"]
[White "Alarcia Astiz, Carlos"]
[Black "Martin Garcia, Guillermo Li"]
[Result "0-1"]
[WhiteElo "2286"]
[BlackElo "2242"]
[PlyCount "64"]
[EventDate "2021.01.24"]
[EventType "team-tourn"]
[EventRounds "14"]
[EventCountry "ESP"]
[SourceTitle "Ajedrez en Madrid"]
[Source "lmi"]
[SourceDate "2021.01.23"]
[SourceVersion "1"]
[SourceVersionDate "2021.06.08"]
[SourceQuality "1"]
[WhiteTeam "Blanco y Negro"]
[BlackTeam "Vallecas CDV"]
[WhiteTeamCountry "ESP"]
[BlackTeamCountry "ESP"]

1. e4 e5 2. Nf3 Nc6 3. Bb5 a6 4. Ba4 d6 5. O-O Bd7 6. Re1 Nge7 7. c3 Ng6 8. d4
Be7 9. Be3 h6 10. Nbd2 Bg5 11. d5 Nb8 12. Bxd7+ Nxd7 13. Nxg5 hxg5 14. b4 Nf4
15. Nf1 g6 16. c4 f5 17. f3 Nf6 18. c5 Qd7 19. Rc1 Nh3+ 20. gxh3 f4 21. cxd6
cxd6 22. Bb6 Qxh3 23. Rc2 g4 24. fxg4 Rh4 25. Rg2 Rc8 26. Bf2 Rxg4 27. Rxg4
Nxg4 28. Qd2 Nf6 29. Bb6 Nd7 30. Bf2 Rc4 31. Rc1 f3 32. Bg3 Rxc1 0-1

[Event "Madrid-chT 2021"]
[Site "Madrid"]
[Date "2021.04.11"]
[Round "7.3"]
[White "Beltran de Heredia Eguiaz, Miguel Angel"]
[Black "Renteria Becerra, Jorge Elicer"]
[Result "1/2-1/2"]
[WhiteElo "2208"]
[BlackElo "2249"]
[PlyCount "99"]
[EventDate "2021.01.24"]
[EventType "team-tourn"]
[EventRounds "14"]
[EventCountry "ESP"]
[SourceTitle "Ajedrez en Madrid"]
[Source "lmi"]
[SourceDate "2021.01.23"]
[SourceVersion "1"]
[SourceVersionDate "2021.06.08"]
[SourceQuality "1"]
[WhiteTeam "Vallecas CDV"]
[BlackTeam "Blanco y Negro"]
[WhiteTeamCountry "ESP"]
[BlackTeamCountry "ESP"]

1. e4 c5 2. Nf3 d6 3. d4 cxd4 4. Nxd4 Nf6 5. Nc3 a6 6. h4 e5 7. Nb3 Be6 8. f4
exf4 9. Bxf4 Nc6 10. Qd2 Be7 11. O-O-O Ne5 12. Nd4 Qc7 13. g3 b5 14. Nxe6 fxe6
15. Bxb5+ axb5 16. Nxb5 Qc5 17. Nxd6+ Kf8 18. a3 Rd8 19. Nb7 Rxd2 20. Nxc5
Rxd1+ 21. Rxd1 Kf7 22. Bxe5 Bxc5 23. b4 Be7 24. Bxf6 gxf6 25. c4 Rg8 26. c5
Rxg3 27. Kb2 f5 28. exf5 exf5 29. c6 Bf6+ 30. Ka2 Rc3 31. b5 Be7 32. Kb2 Rc5
33. a4 Rc4 34. Kb3 Rc5 35. h5 Kf6 36. Rd4 Ke5 37. Rc4 Rxc4 38. Kxc4 Kd6 39. a5
Bd8 40. a6 Bb6 41. Kd3 Kc7 42. Ke2 Kb8 43. Kf3 Bc7 44. b6 Bxb6 45. Kf4 Kc7 46.
Kxf5 Kxc6 47. Kf6 Kb5 48. Kg7 Kxa6 49. Kxh7 Bd4 50. Kg8 1/2-1/2

[Event "Madrid-chT 2021"]
[Site "Madrid"]
[Date "2021.04.11"]
[Round "7.4"]
[White "Hidalgo Duque, Carlos"]
[Black "Morona Minguez, Miguel"]
[Result "1-0"]
[WhiteElo "2239"]
[BlackElo "2052"]
[PlyCount "43"]
[EventDate "2021.01.24"]
[EventType "team-tourn"]
[EventRounds "14"]
[EventCountry "ESP"]
[SourceTitle "Ajedrez en Madrid"]
[Source "lmi"]
[SourceDate "2021.01.23"]
[SourceVersion "1"]
[SourceVersionDate "2021.06.08"]
[SourceQuality "1"]
[WhiteTeam "Blanco y Negro"]
[BlackTeam "Vallecas CDV"]
[WhiteTeamCountry "ESP"]
[BlackTeamCountry "ESP"]

1. Nf3 Nf6 2. c4 c6 3. d4 d5 4. e3 Bg4 5. h3 Bxf3 6. Qxf3 e6 7. Nc3 Be7 8. Bd3
Nbd7 9. O-O O-O 10. Rd1 Qc7 11. b3 Rfd8 12. Bb2 Nf8 13. Rac1 Ng6 14. g3 a6 15.
h4 h5 16. e4 dxe4 17. Nxe4 Ng4 18. Ng5 Bxg5 19. hxg5 Qa5 20. c5 Qxa2 21. Bxg6
fxg6 22. Qc3 1-0

[Event "Madrid-chT 2021"]
[Site "Madrid"]
[Date "2021.04.11"]
[Round "7.5"]
[White "Dominguez Alfara, Miguel"]
[Black "Rottenwohrer Suarez, Juan"]
[Result "1-0"]
[WhiteElo "1989"]
[BlackElo "2203"]
[PlyCount "87"]
[EventDate "2021.01.24"]
[EventType "team-tourn"]
[EventRounds "14"]
[EventCountry "ESP"]
[SourceTitle "Ajedrez en Madrid"]
[Source "lmi"]
[SourceDate "2021.01.23"]
[SourceVersion "1"]
[SourceVersionDate "2021.06.08"]
[SourceQuality "1"]
[WhiteTeam "Vallecas CDV"]
[BlackTeam "Blanco y Negro"]
[WhiteTeamCountry "ESP"]
[BlackTeamCountry "ESP"]

1. d4 Nf6 2. Nf3 g6 3. e3 Bg7 4. Be2 c5 5. O-O b6 6. c4 O-O 7. Nc3 cxd4 8. exd4
d5 9. Bf4 Bb7 10. c5 bxc5 11. dxc5 Nbd7 12. b4 Ne4 13. Nxe4 dxe4 14. Nd2 a5 15.
Rc1 Nf6 16. c6 Bc8 17. b5 Nd5 18. Be3 f5 19. Bc4 Be6 20. b6 Qd6 21. Bxd5 Bxd5
22. c7 f4 23. Bc5 Qe6 24. Re1 Qf5 25. Qc2 f3 26. Nxe4 fxg2 27. Ng3 Qh3 28. Bxe7
Rfe8 29. Qd3 Bb7 30. Bd8 Re5 31. Rxe5 Bxe5 32. Re1 Bxg3 33. Qxg3 Qd7 34. Qb3+
Qd5 35. Qxd5+ Bxd5 36. Rd1 Bb7 37. Bg5 Re8 38. Rd8 Kf7 39. Be3 Ke7 40. Rb8 Bc8
41. b7 Kd7 42. bxc8=Q+ Rxc8 43. Rxc8 Kxc8 44. Bb6 1-0

[Event "Madrid-chT 2021"]
[Site "Madrid"]
[Date "2021.04.11"]
[Round "7.6"]
[White "Ortega Palacios, Alejandro"]
[Black "Ballesteros Galvez, Daniel"]
[Result "0-1"]
[WhiteElo "1733"]
[BlackElo "1919"]
[PlyCount "52"]
[EventDate "2021.01.24"]
[EventType "team-tourn"]
[EventRounds "14"]
[EventCountry "ESP"]
[SourceTitle "Ajedrez en Madrid"]
[Source "lmi"]
[SourceDate "2021.01.23"]
[SourceVersion "1"]
[SourceVersionDate "2021.06.08"]
[SourceQuality "1"]
[WhiteTeam "Blanco y Negro"]
[BlackTeam "Vallecas CDV"]
[WhiteTeamCountry "ESP"]
[BlackTeamCountry "ESP"]

1. e4 e5 2. Nf3 Nc6 3. Bb5 a6 4. Ba4 Nf6 5. O-O Be7 6. Re1 b5 7. Bb3 d6 8. h3
Na5 9. c3 Nxb3 10. axb3 O-O 11. d4 exd4 12. Nxd4 Bd7 13. Bf4 Re8 14. Nd2 Bf8
15. f3 c5 16. Nc2 d5 17. e5 Nh5 18. Bh2 Qg5 19. Nf1 g6 20. Nfe3 Bg7 21. Nxd5
Bxh3 22. Qe2 Bxe5 23. f4 Bxf4 24. Bxf4 Rxe2 25. Bxg5 Rxg2+ 26. Kh1 Ng3# 0-1

[Event "Madrid-chT 2021"]
[Site "Madrid"]
[Date "2021.04.10"]
[Round "7.1"]
[White "Herrera, Irisberto"]
[Black "Elissalt Cardenas, Hector"]
[Result "1-0"]
[WhiteElo "2416"]
[BlackElo "2286"]
[PlyCount "61"]
[EventDate "2021.01.24"]
[EventType "team-tourn"]
[EventRounds "14"]
[EventCountry "ESP"]
[SourceTitle "Ajedrez en Madrid"]
[Source "lmi"]
[SourceDate "2021.01.23"]
[SourceVersion "1"]
[SourceVersionDate "2021.06.08"]
[SourceQuality "1"]
[WhiteTeam "Capablanca"]
[BlackTeam "Tajamar"]
[WhiteTeamCountry "ESP"]
[BlackTeamCountry "ESP"]

1. e4 d6 2. d4 Nf6 3. Nc3 e5 4. Nf3 Nbd7 5. Bc4 Be7 6. O-O O-O 7. a4 c6 8. Re1
a5 9. h3 Nb6 10. Ba2 Nfd7 11. Be3 exd4 12. Nxd4 Nc5 13. Qh5 Bf6 14. Nf3 g6 15.
Qh6 Bg7 16. Qf4 Ne6 17. Qg3 d5 18. exd5 cxd5 19. Rad1 Bxc3 20. bxc3 Nxa4 21.
Rxd5 Qc7 22. Re5 Nxc3 23. Bxe6 Bxe6 24. Bh6 Nd5 25. Qh4 Qc3 26. Ng5 f6 27. Bxf8
fxg5 28. Qxg5 Bf7 29. Bh6 Qc6 30. c4 Nf6 31. Re6 1-0

[Event "Madrid-chT 2021"]
[Site "Madrid"]
[Date "2021.04.10"]
[Round "7.2"]
[White "Ingunza Curro, Andres"]
[Black "Bolado Saez, Sergio"]
[Result "1-0"]
[WhiteElo "2332"]
[BlackElo "2339"]
[PlyCount "73"]
[EventDate "2021.01.24"]
[EventType "team-tourn"]
[EventRounds "14"]
[EventCountry "ESP"]
[SourceTitle "Ajedrez en Madrid"]
[Source "lmi"]
[SourceDate "2021.01.23"]
[SourceVersion "1"]
[SourceVersionDate "2021.06.08"]
[SourceQuality "1"]
[WhiteTeam "Tajamar"]
[BlackTeam "Capablanca"]
[WhiteTeamCountry "ESP"]
[BlackTeamCountry "ESP"]

1. e4 c5 2. Nf3 d6 3. d4 cxd4 4. Nxd4 Nf6 5. Nc3 a6 6. Bg5 e6 7. f4 h6 8. Bh4
Nbd7 9. Qe2 Qc7 10. O-O-O Be7 11. g4 g5 12. fxg5 Nh7 13. Bg3 hxg5 14. Nf5 Ne5
15. Nxe7 Kxe7 16. h4 Bd7 17. Bg2 f6 18. Rh3 Rhc8 19. Rdh1 Qa5 20. Be1 Qc5 21.
Bf2 Qc4 22. Qd2 Be8 23. Be3 Nf7 24. e5 dxe5 25. Be4 Rd8 26. Qf2 f5 27. gxf5 g4
28. Bc5+ Nd6 29. Rd3 Nf6 30. Bxb7 Rab8 31. Rhd1 Rxb7 32. Rxd6 Rxd6 33. Bxd6+
Kf7 34. Bxe5 exf5 35. Rd6 Nh5 36. Qxf5+ Ke7 37. Nd5+ 1-0

[Event "Madrid-chT 2021"]
[Site "Madrid"]
[Date "2021.04.10"]
[Round "7.3"]
[White "Tejedo Meneses, Alvaro"]
[Black "Mkrtchyan, Levon"]
[Result "0-1"]
[WhiteElo "2056"]
[BlackElo "2211"]
[PlyCount "102"]
[EventDate "2021.01.24"]
[EventType "team-tourn"]
[EventRounds "14"]
[EventCountry "ESP"]
[SourceTitle "Ajedrez en Madrid"]
[Source "lmi"]
[SourceDate "2021.01.23"]
[SourceVersion "1"]
[SourceVersionDate "2021.06.08"]
[SourceQuality "1"]
[WhiteTeam "Capablanca"]
[BlackTeam "Tajamar"]
[WhiteTeamCountry "ESP"]
[BlackTeamCountry "ESP"]

1. e4 e6 2. d4 d5 3. Nc3 Bb4 4. e5 Ne7 5. a3 Bxc3+ 6. bxc3 c5 7. Qg4 Qc7 8.
Qxg7 Rg8 9. Qxh7 cxd4 10. Ne2 Nbc6 11. f4 dxc3 12. Qd3 Bd7 13. h3 Rc8 14. g4
Na5 15. Bg2 a6 16. Nd4 Qc4 17. Bf1 Qa4 18. Be2 Nec6 19. Nf3 Nb4 20. Qh7 Rf8 21.
O-O Nc4 22. Nd4 Nc6 23. Nb3 N4a5 24. Nxa5 Nxa5 25. Bd3 Qd4+ 26. Kg2 Nc4 27. Qh4
Nb2 28. Qf2 Qxf2+ 29. Kxf2 Nxd3+ 30. cxd3 Rh8 31. Rh1 d4 32. Rh2 Rc5 33. Rb1
Rb5 34. Rxb5 Bxb5 35. Ke2 Bd7 36. h4 b5 37. h5 a5 38. Kd1 Bc6 39. Rh3 b4 40.
Kc2 Ba4+ 41. Kb1 b3 42. f5 exf5 43. g5 Bb5 44. h6 Ke7 45. Bf4 Ke6 46. Rg3 b2
47. Rh3 Rb8 48. h7 Bxd3+ 49. Rxd3 c2+ 50. Kxc2 b1=Q+ 51. Kd2 Rb2# 0-1

[Event "Madrid-chT 2021"]
[Site "Madrid"]
[Date "2021.04.10"]
[Round "7.4"]
[White "Rodriguez Lopez, David"]
[Black "Porras Fernandez, Alberto"]
[Result "1-0"]
[WhiteElo "2161"]
[BlackElo "1920"]
[PlyCount "39"]
[EventDate "2021.01.24"]
[EventType "team-tourn"]
[EventRounds "14"]
[EventCountry "ESP"]
[SourceTitle "Ajedrez en Madrid"]
[Source "lmi"]
[SourceDate "2021.01.23"]
[SourceVersion "1"]
[SourceVersionDate "2021.06.08"]
[SourceQuality "1"]
[WhiteTeam "Tajamar"]
[BlackTeam "Capablanca"]
[WhiteTeamCountry "ESP"]
[BlackTeamCountry "ESP"]

1. e4 c5 2. c3 Nf6 3. e5 Nd5 4. d4 cxd4 5. Nf3 Nc6 6. cxd4 e6 7. Bc4 d6 8. O-O
Be7 9. Qe2 O-O 10. Nc3 dxe5 11. dxe5 Nxc3 12. bxc3 Qc7 13. Re1 b6 14. Bd3 Bb7
15. Ng5 h6 16. Qe4 g6 17. Nxe6 Qc8 18. Nxf8 Qxf8 19. Bc4 Rd8 20. Qxg6+ 1-0

[Event "Madrid-chT 2021"]
[Site "Madrid"]
[Date "2021.04.10"]
[Round "7.5"]
[White "Fernandez Rosado, Roberto"]
[Black "Martinez Aragon, Aitor"]
[Result "1/2-1/2"]
[WhiteElo "2074"]
[BlackElo "2007"]
[PlyCount "58"]
[EventDate "2021.01.24"]
[EventType "team-tourn"]
[EventRounds "14"]
[EventCountry "ESP"]
[SourceTitle "Ajedrez en Madrid"]
[Source "lmi"]
[SourceDate "2021.01.23"]
[SourceVersion "1"]
[SourceVersionDate "2021.06.08"]
[SourceQuality "1"]
[WhiteTeam "Capablanca"]
[BlackTeam "Tajamar"]
[WhiteTeamCountry "ESP"]
[BlackTeamCountry "ESP"]

1. e4 c5 2. Nf3 Nc6 3. d4 cxd4 4. Nxd4 Qb6 5. Nb3 e6 6. Be3 Qc7 7. c3 Nf6 8.
N1d2 d5 9. Bd3 Be7 10. O-O O-O 11. f4 dxe4 12. Nxe4 Rd8 13. Nxf6+ Bxf6 14. Qc2
g6 15. Rad1 b6 16. Nd2 Bg7 17. Nf3 Bb7 18. Be4 Rac8 19. a3 Ne7 20. Ne5 Nd5 21.
Bxd5 Rxd5 22. Rxd5 Bxd5 23. Bd4 b5 24. Qf2 a6 25. Qh4 Qd8 26. Qh3 Qe7 27. Qe3
Qb7 28. Rf2 h5 29. Re2 Rd8 1/2-1/2

[Event "Madrid-chT 2021"]
[Site "Madrid"]
[Date "2021.04.10"]
[Round "7.6"]
[White "Sahuquillo Cruz, Alejandro"]
[Black "Matesanz Bonastre, Rafael"]
[Result "1/2-1/2"]
[WhiteElo "1993"]
[BlackElo "1924"]
[PlyCount "96"]
[EventDate "2021.01.24"]
[EventType "team-tourn"]
[EventRounds "14"]
[EventCountry "ESP"]
[SourceTitle "Ajedrez en Madrid"]
[Source "lmi"]
[SourceDate "2021.01.23"]
[SourceVersion "1"]
[SourceVersionDate "2021.06.08"]
[SourceQuality "1"]
[WhiteTeam "Tajamar"]
[BlackTeam "Capablanca"]
[WhiteTeamCountry "ESP"]
[BlackTeamCountry "ESP"]

1. e4 e6 2. d4 d5 3. Nd2 c5 4. dxc5 Nf6 5. exd5 Qxd5 6. Ngf3 Bxc5 7. Bc4 Qd6 8.
Qe2 Qc7 9. Nb3 Be7 10. Bg5 Nc6 11. c3 O-O 12. O-O a6 13. a4 Bd7 14. a5 e5 15.
Bxf6 Bxf6 16. Nfd2 Rad8 17. Ne4 Be7 18. Nbc5 Bf5 19. b4 Kh8 20. f3 Bg6 21. Rad1
Nxa5 22. Bd5 Qb6 23. Kh1 Nc6 24. Qc4 f5 25. Ne6 fxe4 26. Nxf8 Rxf8 27. fxe4 Bf6
28. Qe2 Ne7 29. Qg4 Nxd5 30. exd5 Rd8 31. d6 Qc6 32. c4 Qd7 33. Qg3 Bf7 34. Qd3
Qc6 35. c5 Qd7 36. Qe4 Bg6 37. Qd5 Bf7 38. Qe4 Bb3 39. Rd2 Ba4 40. Rdf2 Bb5 41.
Re1 Bc6 42. Qc4 Qe8 43. Re3 Qg6 44. Rg3 Qe8 45. Qg4 Qd7 46. Qh5 Qe8 47. Qg4 Qf7
48. Qf5 Qd7 1/2-1/2